| 000 | 00620cam a2200181 a 4500 | ||
|---|---|---|---|
| 020 | _a0631232524 (pb. : alk. paper) | ||
| 020 | _a0631232648 (alk. paper) | ||
| 082 | 0 | 0 |
_a307.341609 _bHAL _cN-01,P100 |
| 100 | 1 |
_aHall, Peter, _922967 |
|
| 245 | 1 | 0 |
_aCities of tomorrow : _ban intellectual history of urban planning and design in the twentieth century / _cPeter Hall. |
| 250 | _a3rd ed. | ||
| 260 |
_aOxford, UK ; _aMalden, MA : _bBlackwell Publishers, _cc2002. |
||
| 300 | _ap. cm. | ||
| 526 |
_a0 _b0 _c0 _d307_341609000000000_HAL |
||
| 650 | 0 |
_aCity planning _xHistory _924163 |
|
| 650 | 0 |
_aNUST _96342 |
|
| 942 |
_2ddc _cBK |
||
| 999 |
_c542458 _d542458 |
||